MARC

LEADER 00000nam0a2200000 4500
001 331314
005 20231102004338.0
035 |a (RuTPU)RU\TPU\book\357129 
090 |a 331314 
100 |a 20170420d1974 km y0rusy50 ca 
101 0 |a rus 
102 |a RU 
105 |a a z 001zy 
200 1 |a Ядернофизические методы обогащения полезных ископаемых  |f А. П. Татарников 
210 |a Москва  |c Атомиздат  |d 1974 
215 |a 145 с.  |c ил. 
320 |a Библиогр.: с. 140-144 
606 1 |a Обогащение радиометрическое  |2 stltpush  |3 (RuTPU)RU\TPU\subj\46477  |9 65617 
610 1 |a полезные ископаемые 
610 1 |a ядернофизические методы 
610 1 |a аппаратура 
610 1 |a излучения 
610 1 |a сепарация 
610 1 |a облучение 
610 1 |a установки 
610 1 |a технологические свойства 
610 1 |a ядерные реакции 
610 1 |a атомы 
610 1 |a сортировка 
610 1 |a сырье 
610 1 |a режимы 
610 1 |a радиационная безопасность 
675 |a 622.7  |v 4 
700 1 |a Татарников  |b А. П.  |g Александр Прохорович 
801 1 |a RU  |b 63413507  |c 20170420 
801 2 |a RU  |b 63413507  |c 20170421  |g RCR 
942 |c BK